Normal view
MARC view
- Time
Entry Topical Term
001 - CONTROL NUMBER
- control field: 2712
003 - CONTROL NUMBER IDENTIFIER
- control field: OSt
005 - DATE AND TIME OF LATEST TRANSACTION
- control field: 20170509121931.0
008 - FIXED-LENGTH DATA ELEMENTS
- fixed length control field: 170509|| aca||aabn | a|a d
040 ## - CATALOGING SOURCE
- Original cataloging agency: OSt
- Transcribing agency: OSt
150 ## - HEADING--TOPICAL TERM
- Topical term or geographic name entry element: Time
- General subdivision: Psychological aspects
670 ## - SOURCE DATA FOUND
- Source citation: Work cat.: (OSt)0: The social psychology of time :, 1988, reprint 1990

PORTAL AKMAL
E-MEL JKDM
AKMAL2U
G-BAM
u-PUSTAKA